Green is for caution (Record no. 71047)
[ view plain ]
| 000 -LEADER | |
|---|---|
| fixed length control field | 01412cam a2200229 4500 |
| 001 - CONTROL NUMBER | |
| control field | ABS65871 |
| 008 - FIXED-LENGTH DATA ELEMENTS--GENERAL INFORMATION | |
| fixed length control field | 020830n2002 000 0 eng u |
| 035 ## - SYSTEM CONTROL NUMBER | |
| System control number | (Sirsi) u119492 |
| 100 ## - MAIN ENTRY--PERSONAL NAME | |
| Personal name | Dawson, M. |
| 245 ## - TITLE STATEMENT | |
| Title | Green is for caution |
| 260 ## - PUBLICATION, DISTRIBUTION, ETC. | |
| Date of publication, distribution, etc. | 2002 |
| 490 ## - SERIES STATEMENT | |
| Series statement | Estates Gazette |
| Volume/sequential designation | (0230) 124-125(2) |
| 520 ## - SUMMARY, ETC. | |
| Summary, etc. | Examines the rules that developers should be made aware of with more areas coming under conservation area control. Looks at the practical implications for developers of certain legislation and guidance such as PPG 15 which acknowledges that new development in conservation areas cannot be prohibited but advises that there are restrictions to be taken into account particularly when listed buildings are concerned. Local planning authorities have a duty under S72 of the Planning (Listed Buildings & Conservation Areas) Act 1990 to perserve or enhance the character or appearance of a conservation area. Other areas to be paid careful attention to by developers are when the potential development involves the demolition of a building or when making alterations to a particular building. |
| 590 ## - LOCAL NOTE (RLIN) | |
| Local note | ABS |
| 650 ## - SUBJECT ADDED ENTRY--TOPICAL TERM | |
| Topical term or geographic name entry element | PLANNING (LISTED BUILDINGS AND CONSERVATION) ACT 1990 |
| 650 ## - SUBJECT ADDED ENTRY--TOPICAL TERM | |
| Topical term or geographic name entry element | PPG15 |
| 650 ## - SUBJECT ADDED ENTRY--TOPICAL TERM | |
| Topical term or geographic name entry element | NEW DEVELOPMENT |
| 650 ## - SUBJECT ADDED ENTRY--TOPICAL TERM | |
| Topical term or geographic name entry element | CONSERVATION AREAS |
| 650 ## - SUBJECT ADDED ENTRY--TOPICAL TERM | |
| Topical term or geographic name entry element | PLANNING APPLICATIONS |
| 690 ## - LOCAL SUBJECT ADDED ENTRY--TOPICAL TERM (OCLC, RLIN) | |
| Topical term or geographic name as entry element | ENVIRONMENTAL AND LAND CONSULTANCY-PLANNING AND DEVELOPMENT |
| 942 ## - ADDED ENTRY ELEMENTS (KOHA) | |
| Suppress in OPAC | 0 |
| Withdrawn status | Lost status | Source of classification or shelving scheme | Damaged status | Not for loan | Home library | Current library | Shelving location | Date acquired | Total Checkouts | Full call number | Barcode | Date last seen | Copy number | Price effective from | Koha item type |
|---|---|---|---|---|---|---|---|---|---|---|---|---|---|---|---|
| Dewey Decimal Classification | London | London | Journal article | 30/08/2002 | ABS65871 | 119492-1001 | 06/08/2019 | 1 | 06/08/2019 | Journal article |